000 00830nam a22002657a 4500
001 8091
003 FISKH
005 20251208163747.0
008 250822b cb ||||| |||| 00| 0 eng d
040 _aFISKH
_bkhr
_cFISKH
_dFISKH
050 _aPZ7
082 _a398.2
100 _aMinistry of Education, Youth and Sports
245 _aលោកតា​ /
_cក្រសួងអប់រំយុវជន និងកីឡា
300 _a8 pages :
_bcolor illustrations ;
_c25 cm .
505 _aC
520 _aលោកតានិទានរឿងអោយចៅស្តាប់ ។​
520 _aGrandpa is telling a story .
521 8 _a160
_bLexile estimate
521 8 _aC
_bRaz-Plus
650 _aលោកតា​
650 _aGrandpa
942 _2ddc
_cKHB
_n0
999 _c8091
_d8091